Alois Lukášek.

Uložené v:
Podrobná bibliografia
Hlavný autor: Pospíšil, Leopold, 1925-2005 (Adapter)
Médium: Kniha
Jazyk:Czech
Vydané: Brno : Blok, 1976.
Fyzický popis: 1 zväzok (nestránkované).
Tagy: Pridať tag
Žiadne tagy, Buďte prvý kto otaguje tento záznam!

MARC

LEADER 00000nam a22000002i 4500
001 000741663
005 20251204105823.0
008 251204s1976 xr e 000 0 cze d
020 |q (brožované) 
040 |a SVKKK  |b slo  |c SVKKK  |e rda 
245 0 0 |a Alois Lukášek. 
264 1 |a Brno :  |b Blok,  |c 1976. 
300 |a 1 zväzok (nestránkované). 
336 |a text  |b txt  |2 rdacontent 
337 |a bez média  |b n  |2 rdamedia 
338 |a zväzok  |b nc  |2 rdacarrier 
500 |a Záznam revízie 
700 1 |a Pospíšil, Leopold,  |d 1925-2005  |4 adp 
910 |a svkkk 
998 |a BK 
090 |g SCKHL  |k Sklad Pribinova 3. posch.  |a V.95550  |j 538041  |i 2720795486  |s Povinný výt.